[Event "ESP-ch U10"]
[Site "Salobrena Granada"]
[Date "2017.07.05"]
[Round "5"]
[White "Herranz Suarez, David"]
[Black "Ivorra Ivorra, Angela"]
[Result "0-1"]
[WhiteElo "1486"]
[BlackElo "1261"]
[PlyCount "60"]
[EventDate "2017.07.03"]
[EventType "swiss"]
[EventRounds "9"]
[EventCountry "ESP"]
[SourceTitle "EXT 2024"]
[Source "ChessBase"]
[SourceDate "2023.10.10"]
[SourceVersion "1"]
[SourceVersionDate "2023.10.10"]
[SourceQuality "1"]

1. d4 d5 2. Bf4 Nf6 3. e3 e6 4. Nf3 Bd6 5. Bg5 Be7 6. c4 0-0 7. Nbd2 b6 8. Bd3 Bb7 9. Rc1 Nbd7 10. Bf4 c5 11. Nb3 Rc8 12. Bb1 h6 13. Qd3 Ba6 14. Nbd2 cxd4 15. Qxd4 dxc4 16. Nxc4 b5 17. Rd1 bxc4 18. e4 Bb4+ 19. Nd2 Bxd2+ 20. Rxd2 Qa5 21. e5 Nd5 22. Qe4 g6 23. Bxh6 Rfd8 24. h4 c3 25. bxc3 Rxc3 26. Kd1 Rdc8 27. Rd4 Qa3 28. Ke1 Qa5 29. Kd1 Rc1+ 30. Bxc1 Nc3+ 0-1